01144nam a2200241 a 4500001001000000003000900010005001700019008003000036040002600066082003000092100003600122240007300158245011300231260005300344300002100397500010600418534014300524650002400667650005600691651006500747651006000812700003000872000028575DO-SdBNP20221128123533.0110411s1969 dr 000 0 spa d aDO-SdBNPbspacBPMSU  a330.97293bR788f 19692221 aRosa, Antonio de la,d1864-192414aLes finances de Saint-Domingue et le controle Américainlespañol13aLas finanzas de Santo Domingo y el control americano /cAntonio de la Rosa ; edición de José Chez Checo. aSanto Domingo :bEditora de Santo Domingo,c1969 a297 p. ;c24 cm. aIncluye reproducción facsímilar de la portada de la edición: París: A. Pedone, Editeur, 1915. pPublicado originamente en francés:tLes finances de Saint-Domingue et le controle AmericainA. Pedone.cParís: A. Pedone Editeur, 1915. 4aFinanzas públicas 4aInversiones estadounidenseszRepública Dominicana 4aRepública DominicanaxCondiciones económicasySiglo XIX  4aRepública DominicanaxCondiciones socialesySiglo XIXz aCheco, José Chez, 1949-